00361nam a22001097a 4500008004100000082001500041100003800056245009400094260004000188300000900228440001400237230621b xxu||||| |||| 00| 0 eng d a328.4bSOC cR.W. Perceval and C.A.S.S. Gordon aThe Table bThe Journal of the Society of Clerks-at-the-table in Commonwealth Parliaments aLondonbButterworth & Co. Ltdc1956 a208p vvolume 24